000 00376 a2200133 4500
005 20250628084516.0
020 _a0471782637
082 _a005.8003 MIN
245 _aMinoli-Cordovana's Authoritative Computer & Network Security Dictionary
260 _aNew York
_bJohn Wiley & Sons,Ltd,
_c2006
300 _axii,443p.
_bIndex
_c25cm.
700 _aCORDOVANA, J.
942 _2ddc
_cBKS
999 _c5884
_d5884